| 000 | 01164nam a22003257a 4500 | ||
|---|---|---|---|
| 003 | CHAP | ||
| 005 | 20220329143754.0 | ||
| 008 | 110803s2010 fr a r 00010 eng d | ||
| 010 | _a101703 | ||
| 011 | _a102675 | ||
| 020 | _a9789264063662 | ||
| 035 | _a113364 | ||
| 040 | _cCHAP | ||
| 082 | 0 | 4 |
_a551.6 _bOe2 |
| 110 | 2 |
_aOrganización para la Cooperación y el Desarrollo Económicos. París _983559 |
|
| 245 | 1 | 0 |
_aCities and climate change _c/por Organización para la Cooperación y el Desarrollo Económicos |
| 260 |
_aParís : _bOECD, _cc2010 |
||
| 300 |
_a274 p. : _bilus., diagramas, gráfs., tablas |
||
| 590 |
_aBATCH-UPD _b10 _c20130110 _lUCH01 _h1250 |
||
| 590 |
_aBATCH-UPD _b10 _c20130410 _lUCH01 _h0812 |
||
| 590 |
_aBATCH-UPD _b10 _c20130914 _lUCH01 _h0821 |
||
| 590 |
_aCONVERSION _b10 _c20130109 _lUCH01 _h1356 |
||
| 650 | 1 | 4 |
_aCambio climático. _917781 |
| 650 | 1 | 4 |
_aCiudades y pueblos. _923507 |
| 650 | 1 | 4 |
_aPolítica ambiental. _990422 |
| 901 | _aBK | ||
| 942 | _cLIBRO | ||
| 949 |
_a551.6 Oe2 _bBC _cLIBRO _d33724002245512 _eLIBRO _h115473 _i113364 _sb |
||
| 949 |
_a551.6 Oe2 _bBC _cLIBRO _d33724002310644 _eLIBRO _fc.2 _gDonaciØn _h115796 _i113364 _sb |
||
| 999 |
_c101703 _d101703 |
||